100+ english words start with letter A - Statistics

General Stats
  • This quiz has been taken 34 times
  • The average score is 27 of 112
Answer Stats
Hint Answer % Correct
a a
100%
a an
89%
an and
79%
a all
75%
ad add
71%
ab about
68%
ai air
68%
al alum
61%
adv advert
57%
ap apply
57%
ac act
54%
af after
54%
ab above
50%
adj adjective
50%
an ant
50%
abs absent
46%
acc account
46%
ag agree
46%
adv adverb
43%
ans answer
43%
app appear
43%
ave avenue
43%
awk awkward
43%
ab able
39%
alu aluminium
39%
ap apple
39%
ac action
36%
aes aesthetic
36%
aff afford
36%
ag age
36%
agg aggressive
36%
anx anxious
36%
aca academy
32%
adv advance
32%
aer aeroplane
32%
afr afraid
32%
aw away
32%
ac accept
29%
ame american
29%
aba abandon
25%
ab abort
25%
abu abuse
25%
adm admin
25%
aff affect
25%
ann annual
25%
ave average
25%
aca academic
21%
adv advantage
21%
all allowance
21%
alr already
21%
ao aorta
21%
avo avoid
21%
awa awake
21%
abo aboard
18%
abs absolute
18%
abs abstract
18%
aci acid
18%
add address
18%
aer aerial
18%
agr agriculture
18%
ah ahead
18%
alm almond
18%
am amend
18%
anc ancient
18%
ar army
18%
aut author
18%
abr abroad
14%
al alarm
14%
alt altitude
14%
ang angle
14%
ars arsenic
14%
ast astronaut
14%
att attendance
14%
aut authority
14%
acc accurate
11%
ag agent
11%
al altar
11%
am among
11%
ana analyze
11%
app appeal
11%
app appendix
11%
avo avow
11%
ax axis
11%
acc accelerate
7%
acc accommodation
7%
air aircraft
7%
ara arabic
7%
ar arc
7%
ass assault
7%
at atom
7%
acc accessible
4%
ad adapt
4%
ai aisle
4%
al album
4%
al alike
4%
al alive
4%
app appliance
4%
ap april
4%
aqu aqueous
4%
ar arena
4%
ar argon
4%
ast astonish
4%
ab abbey
0%
acr acrylic
0%
act actinium
0%
aer aerobatics
0%
al algae
0%
all allegro
0%
and andante
0%
ant antigen
0%
ant antimony
0%
ass assoication
0%
No matching quizzes found
Score Distribution
Percent of People with Each Score
Percentile by Number Answered
Your Score History
You have not taken this quiz